000 00745nam a2200241 i 4500
003 IT-RoINE
005 20201113110726.0
008 131018s1985 r d
020 _a8439852398
040 _aBAG
_cIT-RoINE
100 1 _92829
_aSayés, José Antonio,
_d1944-
245 1 0 _aCristología fundamental /
_cpor José Antonio Sayes.
260 _aMadrid :
_bCentro de estudios de teología espiritual,
_c1985.
300 _a392 p. ;
_c19 cm.
336 _2rdacontent
_atext
337 _2rdamedia
_aunmediated
338 _2rdacarrier
_avolume
490 1 _aPensamiento católico ;
_v8
650 0 4 _91325
_aTeología dogmática
650 0 4 _91495
_aCristología
830 0 _92660
_aPensamiento católico ;
_v8
942 _cMTS
999 _c1473
_d1473